Statistics for AA Minor League Baseball Teams

Click here to take the quiz!

General Stats

  • This quiz has been taken 167 times
    (104 since last reset)
  • The average score is 19 of 30

Answer Stats

Major League AfilliateCityTeam Name% Correct
Baltimore OriolesBowieBaySox
81%
St. Louis CardinalsSpringfieldCardinals
76%
Los Angeles AngelsRocket CityTrash Pandas
76%
Cincinnati RedsChattanoogaLookouts
73%
Atlanta BravesMississippiBraves
70%
Pittsburgh PiratesAltoonaCurve
69%
Houston AstrosCorpus ChristiHooks
69%
Tampa Bay RaysMontgomeryBiscuits
67%
Los Angeles DodgersTulsaDrillers
67%
Washington NationalsHarrisburgSenators
67%
Texas RangersFriscoRoughRiders
64%
Boston Red SoxPortlandSea Dogs
64%
Milwaukee BrewersBiloxiShuckers
64%
Oakland AthleticsMidlandRockHounds
63%
Detroit TigersErieSeaWolves
63%
Chicago White SoxBirminghamBarons
61%
Cleveland GuardiansAkronRubberDucks
61%
Chicago CubsTennesseSmokies
61%
Miami MarlinsPensacolaBlue Wahoos
60%
San Francisco GiantsRichmondFlying Squirrels
60%
San Diego PadresSan AntonioMissions
57%
New York MetsBinghamptonRumble Ponies
57%
Kansas City RoyalsNorthwest ArkansasNaturals
56%
Arizona DiamondbacksAmarilloSod Poodles
56%
Seattle MarinersArkansasTravelers
56%
Colorado RockiesHartfordYard Goats
56%
Philadelphia PhilliesReadingFightin Phils
51%
Toraonto Blue JaysNew HampshireFisher Cats
47%
New York YankeesSomersetPatriots
47%
Minnesota TwinsWichitaWind Surge
47%

Score Distribution

Percentile by Number Answered

Percent of People with Each Score

Your Score History

You have not taken this quiz since the last reset